000 01166nam a2200241Ia 4500
003 Ost
005 20260507075801.0
008 260507s9999||||xx |||||||||||||| ||und||
020 _a9789957950897
040 _cfsecg
041 _aara
082 _a332.17
100 _aخنفوسي، عبد العزيز
_eمؤلف
245 0 _aالعولمة وتأثيراتها على الجهاز المصرفي :
_bالجزء الأول /
_c عبد العزيز خنفوسي
260 _aعمان :
_bدار الأيام للنشر والتوزيع,
_c2016
300 _a434 صفحة؛
_bإيضاحات ؛
_c25 سم
504 _a بيبليوغرافيا: ص ص395-427
520 _aيضم العولمة والمنظومة القانونية للجهاز المصرفي الجزائري، تحرير سوق القرض وفق قواعد العرض والطلب، اتجاهات إصلاح النظام المصرفي بعد 1990، تزويد سوق القرض بالضمانات المصرفية الحديثة.
653 _aالبنوك
653 _aالبنوك- الحسابات المصرفية
653 _aالقطاع الخاص
942 _cكتاب
999 _c46279
_d46279